| 000 | 00627nam a2200193 a 4500 | ||
|---|---|---|---|
| 001 | 000025852 | ||
| 005 | 20200930024111.0 | ||
| 008 | 110223s1979 mx r 000 0 spa d | ||
| 020 | _a968260088X | ||
| 040 |
_aDO-SdBNP _bspa _cBNPHU |
||
| 082 |
_axxxx _bxxxx |
||
| 100 | 1 |
_aRiso, Ovid. _952686 |
|
| 245 | 1 | 0 |
_aManual de control de costos de publicidad / _cOvid Riso ; traducción de Rosa Maria Ojeda de Soto. |
| 260 |
_aMéxico, D. F. : _bCompañia Editorial Continental, _c1979. |
||
| 300 |
_a439 p. ; _c23 cm. |
||
| 500 | _aIncluye índice alfabético. | ||
| 700 | 1 |
_aOjada de Soto, Rosa Maria, _etr. _952687 |
|
| 049 | _aBNGR | ||
| 999 |
_c25344 _d25344 |
||